| 000 | 00519nam a22001817a 4500 | ||
|---|---|---|---|
| 005 | 20260114115456.0 | ||
| 008 | 260114b |||||||| |||| 00| 0 eng d | ||
| 020 | _a978-1-60930-247-4 | ||
| 100 | _aMURRAY, MICHAEL D. | ||
| 245 |
_aADVANCED LEGAL WRITING AND ORAL ADVOCACY _bTRIALS, APPEALS, AND MOOT COURT |
||
| 250 | _a2ND ED | ||
| 260 |
_aST. PAUL _bFOUNDATION PRESS _c2014 |
||
| 300 | _aXX, 752P. | ||
| 500 | _aINCLUDES INDEX | ||
| 650 | _aLEGAL WRITING | ||
| 700 | _aDESANCTIS, CHRISTY H. | ||
| 942 |
_2lcc _cBK |
||
| 999 |
_c216457 _d216457 |
||